[Event "5th Nebesna Sotnya Blitz 2018"]
[Site "Lutsk"]
[Date "2018.02.16"]
[Round "14"]
[White "Yarmysty, Mikhail"]
[Black "Bogdanovich, Stanislav"]
[Result "0-1"]
[WhiteElo "2300"]
[BlackElo "2560"]
[Annotator "TA"]
[PlyCount "116"]
[EventDate "2018.??.??"]
[EventType "swiss"]
[EventCountry "UKR"]
[SourceTitle "playchess.com"]
[Source "ChessBase"]
[SourceQuality "1"]

{[%evp 15,116,16,18,9,15,15,15,8,93,85,148,18,12,12,63,53,72,54,46,56,52,32,31,24,87,62,63,39,69,64,109,109,149,138,168,130,136,121,153,0,139,0,127,-17,-20,-4,-10,-52,-22,-71,-70,-86,-33,-69,-74,-132,-68,-86,-81,-123,-76,-86,-74,-108,101,101,105,104,104,103,112,106,105,104,93,8,8,8,8,8,8,8,8,0,0,0,0,0,0,0,0,0,0,-8,-8,-8,-8,-68,0,-29993,-29994,-29995,-29996]} 1. e4 e5 2. Nc3 Nf6 3. Bc4 Bc5 4. d3 Nc6 5. Bg5 h6 6. Bh4 d6 7. Na4 Bb6 {C28: Vienna Game: 2...Nf6 3 Bc4 Nc6} 8. Nxb6 axb6 {LiveBook: 15 Games} 9. Ne2 Be6 {The position is equal.} 10. Nc3 g5 (10... Nd4 11. O-O g5 12. Bg3 Bxc4 13. dxc4 Ne6 14. f3 h5 15. Bf2 {½-½ (73) Nakamura,H (2775)-Bacrot,E (2725) Thessaloniki 2013}) 11. Bg3 d5 $146 (11... Nd4 $11 {remains equal.}) ({Predecessor:} 11... Nd4 12. Nd5 Bxd5 13. Bxd5 Nxd5 14. exd5 Ra5 {0-1 (49) Lemos,D (2210)-Dos Santos,H (2094) Goiania 2016}) 12. Bb5 $16 Qd6 (12... dxe4 $142 13. Bxe5 (13. dxe4 Qxd1+ 14. Rxd1 Nd7 $14) (13. Nxe4 Nxe4 14. dxe4 f6 $11) 13... O-O 14. Bxc6 bxc6) 13. Bxc6+ (13. d4 $1 $16 Qe7 14. Bxe5 (14. dxe5 Nxe4 15. Nxd5 Qd7 $16)) 13... bxc6 $11 14. d4 {[%cal Bd3d4,Bd4e5][%mdl 32]} Nd7 (14... Qb4 $1 $11 15. exd5 exd4) 15. exd5 cxd5 16. dxe5 Qb4 17. O-O c6 18. Rb1 h5 {Threatens to win with ...h4.} 19. a3 $36 {[%mdl 2048] White has good play.} Qe7 (19... Qc4 $11 20. f3 h4) 20. f3 h4 21. Bf2 h3 {With the idea ...hxg2.} 22. g4 Kf8 23. Re1 Kg7 24. Qd2 Rad8 25. Be3 Kg6 26. Qd3+ Kg7 27. Qd2 Kg6 $1 28. Qd3+ (28. Kh1 $16) 28... Kh6 (28... Kg7 $11) 29. f4 ({Better is} 29. Bf2 $16) 29... gxf4 $1 30. Bxf4+ Kg7 31. Qe3 Qc5 (31... Rdg8 {with more complications.} 32. g5 Rh4 33. Rbd1 Rg4+ 34. Kh1 Qc5) 32. b4 Qxe3+ 33. Bxe3 Bxg4 (33... Rh4 $17 {...d4 is the strong threat.} 34. Kf2 Ra8) 34. Bd4 Be6 35. Na4 {[#]} (35. Bf2 $142) 35... Rb8 ({Black should try} 35... Rh4 $1 $17 {[%cal Rh4d4]} 36. c3 Ra8 37. Nxb6 Nxb6 38. Bxb6 Rxa3) 36. Kf2 Rh4 37. Rg1+ Kf8 38. c3 Ke7 39. Rg3 c5 $2 (39... Bf5 $17 {keeps the pressure on.} 40. Rc1 Re4) 40. bxc5 $16 {aiming for c6.} bxc5 41. Rxb8 Nxb8 42. Bxc5+ Kd7 {[#]} 43. Bd4 $1 Nc6 44. Nc5+ Ke7 45. Be3 (45. Ke3 $16) 45... Rc4 $11 46. Bg5+ Ke8 47. Nxe6 fxe6 {[%mdl 4096] Endgame KRB-KRN} 48. Bf6 Ra4 49. Rxh3 Rxa3 50. Rh8+ Kf7 51. Rh7+ Kg6 52. Rh3 Kf5 53. Rf3+ Ke4 {White must now prevent ...d4.} 54. h4 d4 55. h5 dxc3 56. Re3+ (56. h6 $1 $11) 56... Kf4 (56... Kd5 $15 57. Rd3+ Nd4) 57. Rg3 $2 {[%mdl 8192]} (57. Rf3+ $11 Ke4 58. h6) 57... Ra2+ 58. Kf1 Kxg3 {Precision: White = 38%, Black = 42%.} 0-1

[Event "5th Nebesna Sotnya Blitz 2018"]
[Site "Lutsk"]
[Date "2018.02.16"]
[Round "15"]
[White "Bernadskiy, Vitaliy"]
[Black "Razin, Vadim"]
[Result "1/2-1/2"]
[WhiteElo "2588"]
[BlackElo "2379"]
[Annotator "TA"]
[PlyCount "35"]
[EventDate "2018.??.??"]
[EventType "swiss"]
[EventCountry "UKR"]
[SourceTitle "playchess.com"]
[Source "ChessBase"]
[SourceQuality "1"]

{[%evp 14,35,12,18,15,16,14,21,27,24,27,14,10,7,0,-20,-23,-20,-25,-16,-20,-19,-23,-16]} 1. e4 e6 2. d4 d5 3. exd5 exd5 4. Nf3 Nf6 5. Bd3 c5 {[%cal Bc7c5,Bc5c4][%mdl 32]} 6. O-O c4 7. Re1+ Be7 8. Bf1 O-O {C01: French: Exchange Variation} 9. b3 (9. Bg5) 9... cxb3 10. axb3 Bg4 {The position is equal.} 11. h3 Bh5 12. Rxe7 $146 ({Predecessor:} 12. Nbd2 Bb4 13. Ra4 Nc6 14. g4 Bg6 15. Ne5 Nxe5 16. Rxb4 {½-½ (29) Bliumberg,V (2276)-Osuna Vega,E (2102) Caleta 2018}) 12... Qxe7 13. Ba3 Qe4 {And now ...Bxf3 would win.} 14. Bxf8 {[#] Strongly threatening Bc5.} Bxf3 $1 15. Qxf3 Qxf3 16. gxf3 {Hoping for Bc5.} Kxf8 17. Bb5 Nbd7 18. c4 1/2-1/2

[Event "5th Nebesna Sotnya Blitz 2018"]
[Site "Lutsk"]
[Date "2018.02.16"]
[Round "15"]
[White "Bogdanovich, Stanislav"]
[Black "Sergeev, Vladimir"]
[Result "1-0"]
[WhiteElo "2560"]
[BlackElo "2414"]
[Annotator "TA"]
[PlyCount "85"]
[EventDate "2018.??.??"]
[EventType "swiss"]
[EventCountry "UKR"]
[SourceTitle "playchess.com"]
[Source "ChessBase"]
[SourceQuality "1"]

{[%evp 15,85,14,11,-4,0,-3,0,0,0,3,3,0,0,0,2,-27,-10,-14,-7,-14,-14,-15,0,-4,0,-19,113,113,113,106,114,114,150,160,156,147,137,147,234,240,243,250,246,235,237,227,290,279,520,539,539,535,581,554,1163,991,1127,1099,1108,1006,919,1028,29957,29957,29972,29974,29972,29973,29980,29981,29981,29982]} 1. Nf3 Nf6 2. b3 d5 3. Bb2 c6 4. e3 Bg4 5. Be2 e6 6. O-O Nbd7 7. c4 Bd6 8. h3 Bh5 9. d3 {A12: English Opening: 1...c6 with b3 by White} (9. d4 Ne4 10. Nbd2 Nxd2 11. Nxd2 Bxe2 12. Qxe2 O-O 13. e4 dxe4 14. Nxe4 Be7 15. Rad1 Nf6 16. Nd2 Qa5 17. a3 {0-1 (126) Vachier Lagrave,M (2789)-Aronian,L (2805) Riadh 2017}) 9... O-O 10. Nc3 a6 11. Rc1 $146 {The position is equal.} ({Predecessor:} 11. a3 b5 12. cxd5 cxd5 13. b4 Bxf3 14. Bxf3 {1-0 (44) Markowski,T (2538)-Stryjecki,M (2456) Warsaw 2002}) 11... b5 12. Nd4 Bxe2 13. Ncxe2 c5 14. Nf3 Qb6 15. d4 bxc4 (15... dxc4 {feels hotter.} 16. bxc4 b4 17. Ne5 Rfd8 18. Nxd7 Nxd7 19. f4 Qa5) 16. dxc5 Bxc5 17. Bxf6 $1 Nxf6 18. bxc4 Rac8 (18... Rfc8 {is more complex.} 19. Qd3 Qa5 20. cxd5 Nxd5 21. Ng5 Nf6) 19. cxd5 Nxd5 20. Kh1 Bxe3 {[#]} (20... Qb2 $11) 21. Rxc8 $1 $16 ({Weaker is} 21. fxe3 Nxe3 22. Rxc8 Nxd1 $15) 21... Rxc8 22. fxe3 Nxe3 {[#]} 23. Qb1 $1 {[%cal Rb1b6]} Qb5 24. Qxb5 axb5 25. Rb1 Rc2 26. Rc1 Kf8 (26... Rxc1+ $16 27. Nxc1 Nd5) 27. Rxc2 $18 Nxc2 28. Nfd4 Na3 29. Nc3 b4 30. Ncb5 Nb1 31. Nc2 Nc3 $2 (31... b3 32. axb3 Ke7) 32. Nxc3 bxc3 {[%mdl 4096] Endgame KN-KP} 33. Kg1 e5 34. Kf2 f5 35. Ke3 Ke7 36. Kd3 Kd6 37. Kxc3 Kc5 38. a4 {[%cal Ba2a4,Ba4a5,Ba5a6][%mdl 32]} f4 39. Kd3 {White mates.} Kd5 40. Nb4+ Kc5 41. a5 g5 42. a6 Kb6 43. Ke4 {Precision: White = 81%, Black = 22%.} 1-0

[Event "5th Nebesna Sotnya Blitz 2018"]
[Site "Lutsk"]
[Date "2018.02.16"]
[Round "15"]
[White "Vetoshko, Volodymyr"]
[Black "Mirzoev, Emil"]
[Result "1/2-1/2"]
[WhiteElo "2520"]
[BlackElo "2405"]
[Annotator "TA"]
[PlyCount "30"]
[EventDate "2018.??.??"]
[EventType "swiss"]
[EventCountry "UKR"]
[SourceTitle "playchess.com"]
[Source "ChessBase"]
[SourceQuality "1"]

{[%evp 14,30,46,31,40,28,46,23,29,0,0,0,0,0,16,-11,0,-16,8]} 1. e4 c5 2. Nf3 Nc6 3. d4 cxd4 4. Nxd4 e5 5. Nb5 {[%cal Bd4b5,Bb5a3,Ba3c4][%mdl 32]} d6 6. N1c3 a6 7. Na3 Be7 8. Nc4 b5 {B32: Sicilian: Löwenthal and Kalashnikov Variations} 9. Ne3 $1 Nf6 10. Ned5 (10. g3 O-O 11. Bg2 b4 12. Ncd5 Nxd5 13. Nxd5 Bg5 14. Bxg5 Qxg5 15. O-O Be6 16. Nc7 {½-½ (34) Morozevich,A (2711)-Moiseenko,A (2692) Berlin 2015}) 10... O-O {White has an edge.} 11. a4 b4 {The position is equal.} 12. Nxf6+ Bxf6 13. Nd5 Bg5 14. Bd3 Be6 15. Ne3 $146 ({Predecessor:} 15. f4 exf4 16. O-O Bxd5 17. exd5 {½-½ (47) Jones,S (2025)-Oyama,A (1917) Hampstead 2013}) 15... g6 1/2-1/2

[Event "5th Nebesna Sotnya Blitz 2018"]
[Site "Lutsk"]
[Date "2018.02.16"]
[Round "15"]
[White "Golubka, Petro"]
[Black "Yarmysty, Mikhail"]
[Result "0-1"]
[WhiteElo "2503"]
[BlackElo "2300"]
[Annotator "TA"]
[PlyCount "39"]
[EventDate "2018.??.??"]
[EventType "swiss"]
[EventCountry "UKR"]
[SourceTitle "playchess.com"]
[Source "ChessBase"]
[SourceQuality "1"]

{[%evp 15,39,25,39,0,7,10,14,-22,-6,-16,-20,-83,-75,-113,-49,-60,-12,-97,-88,-174,-156,-154,-131,-148,-158,-160]} 1. e4 e5 2. Nf3 d6 3. Bc4 Be7 4. d3 Nf6 5. Bb3 (5. O-O O-O 6. Re1 Nc6 7. a4 Bg4 8. h3 Bh5 9. Nbd2 Nd4 10. g4 Nxf3+ 11. Qxf3 Bg6 12. Qg3 d5 13. exd5 Nxd5 14. Nf3 f6 15. Nxe5 fxe5 16. Qxe5 Bf7 17. Bxd5 Bxd5 18. Qxe7 Rf3 19. Qxd8+ Rxd8 20. Re5 Rxh3 21. Rh5 {½-½ (21) Wei,Y (2725)-Bu,X (2711) Ho Chi Minh City 2017}) 5... O-O 6. Nbd2 {C24: Bishop's Opening: 2...Nf6} Nc6 7. c3 Be6 8. Bc2 h6 {LiveBook: 3 Games} 9. b4 $146 ({Predecessor:} 9. h3 d5 10. O-O Qd7 11. Re1 dxe4 12. dxe4 Rad8 13. Qe2 a6 14. Nc4 Bxc4 15. Qxc4 {1-0 (45) Vastrukhin,O (2386)-Papenin,N (2334) Sochi 2017}) 9... a6 10. a3 d5 11. h3 Re8 12. Bb2 Bf8 13. g4 (13. c4 $11 dxe4 14. dxe4) 13... b5 14. g5 hxg5 ({Black should play} 14... dxe4 $17 15. dxe4 Nh5) 15. Nxg5 $15 Qd7 16. Qe2 (16. Qf3 $11 {remains equal.}) 16... a5 $17 {[%cal Ra5b4]} 17. Kf1 (17. Bb3 $17 {keeps fighting.}) 17... axb4 $19 {Black is clearly better.} 18. cxb4 dxe4 19. Nxe6 Rxe6 20. dxe4 {Precision: White = 14%, Black = 45%.} 0-1

[Event "5th Nebesna Sotnya Blitz 2018"]
[Site "Lutsk"]
[Date "2018.02.16"]
[Round "15"]
[White "Razin, Vadim"]
[Black "Khaetsky, Roman"]
[Result "1-0"]
[WhiteElo "2379"]
[BlackElo "2381"]
[Annotator "TA"]
[PlyCount "61"]
[EventDate "2018.??.??"]
[EventType "swiss"]
[EventCountry "UKR"]
[SourceTitle "playchess.com"]
[Source "ChessBase"]
[SourceQuality "1"]

{[%evp 13,61,30,50,27,20,6,8,10,10,-2,2,-14,0,-75,-76,-77,-28,-29,-3,-42,-37,-53,0,24,30,-509,-514,-510,-501,-464,-472,-970,155,120,401,384,398,397,416,347,474,461,643,640,621,628,614,614,579,516]} 1. d4 f5 2. Nf3 Nf6 3. g3 g6 4. Bg2 Bg7 5. O-O O-O 6. c4 d6 7. Nc3 a5 {LiveBook: 5 Games} 8. Qc2 {A87: Dutch Defence: Leningrad System: 5 Nf3} (8. d5 Na6 9. Nd4 Nc5 10. b3 Qe8 11. Rb1 Bd7 12. Bb2 g5 13. Ncb5 Rc8 14. Qd2 Qh5 15. Qxa5 f4 {1-0 (57) Ly,M (2480)-Nijboer,F (2545) Amsterdam 2016}) 8... Na6 {[%cal Bb8a6,Ba6c5,Bc5e6][%mdl 32]} 9. a3 Qe8 10. Re1 {The position is equal.} e5 11. dxe5 dxe5 12. e4 Nc5 13. Nd2 $146 (13. Ng5 $11) ({Find the theoretical novelty and annotate with similar games:} 13. Nh4 Nfxe4 14. Nxe4 Nxe4 15. Bxe4 fxe4 16. Qxe4 {1-0 (35) Paikidze,N (2346)-Stepovaia,T (2375) St Petersburg 2010}) 13... f4 $17 14. Nd5 Ne6 15. Nf3 $1 {[%cal Rg3f4]} fxg3 16. hxg3 Ng4 17. Rf1 c6 (17... g5 $15 18. Be3 c6) 18. Nb6 $11 g5 {Hoping for ...Nd4.} 19. Nxa8 $4 {[%mdl 8192]} (19. Nxc8 $11 {and White is okay.} Rxc8 20. Bxg5) 19... Qh5 $19 20. Rd1 {And now Nb6 would win.} Nd4 21. Rxd4 exd4 22. Bxg5 {[#]} (22. Nb6 $142 Be6 23. Qe2 (23. Bxg5 Rxf3 24. Bxf3 Qh2+ 25. Kf1 d3 $19)) 22... d3 $2 ({Better is} 22... Rxf3 $1 $19 {[%mdl 512]} 23. Bxf3 Qh2+ 24. Kf1 {[#]} d3 $1 {[%mdl 512]}) 23. Qxd3 $16 Rxf3 $4 {[%mdl 8192]} (23... Nxf2 $16 24. Kxf2 Qxg5) 24. Qxf3 $18 Qxg5 25. Rd1 Be6 26. b3 h5 27. Nc7 {White is clearly winning.} Ne5 28. Qf4 ({Less strong is} 28. Nxe6 Nxf3+ 29. Bxf3 Qf6 $14) 28... Qe7 29. Nxe6 Qxe6 30. Rd8+ Kh7 31. Qf5+ {Precision: White = 32%, Black = 65%.} 1-0

[Event "5th Nebesna Sotnya Blitz 2018"]
[Site "Lutsk"]
[Date "2018.02.16"]
[Round "15"]
[White "Roshka, Yevgeniy"]
[Black "Buksa, Nataliya"]
[Result "0-1"]
[WhiteElo "2358"]
[BlackElo "2357"]
[Annotator "TA"]
[PlyCount "118"]
[EventDate "2018.??.??"]
[EventType "swiss"]
[EventCountry "UKR"]
[SourceTitle "playchess.com"]
[Source "ChessBase"]
[SourceQuality "1"]

{[%evp 17,118,7,0,-23,10,8,6,6,6,7,6,6,6,6,6,6,6,7,4,5,8,12,11,6,6,9,20,0,0,0,0,0,0,0,0,0,0,0,0,0,0,0,0,0,0,0,37,0,0,0,0,0,0,-42,0,0,0,0,30,0,0,-45,-37,-24,0,0,0,0,0,0,0,0,0,0,0,0,10,10,12,0,7,-15,-15,-29979,-29980,-29980,-29981,-29981,-29982,-29982,-29981,-29983,-29982,-29984,-29983,-29985,-29983,-29983,-29984,-29984,-29985,-29985,-29986]} 1. e4 c5 2. Nf3 Nc6 3. g3 d6 4. Bg2 Nf6 5. d3 g6 6. O-O Bg7 7. Nbd2 O-O 8. a4 Rb8 9. Nc4 b6 {LiveBook: 5 Games} 10. e5 {A05: Réti Opening: 1 Nf3 Nf6} (10. Re1 a6 11. e5 Ne8 12. exd6 exd6 13. Bg5 Bf6 14. Bh6 Bg7 15. Bxg7 Nxg7 16. d4 b5 17. axb5 axb5 {1-0 (30) Popovic,D (2531)-Tuna,A (2375) Palic 2016}) 10... dxe5 11. Nfxe5 Nxe5 12. Nxe5 {[#] Strongly threatening Nc6.The position is equal.} Bb7 13. Nc6 Bxc6 $1 14. Bxc6 Nd5 15. Re1 e6 16. c3 a6 $146 ({Find the theoretical novelty and annotate with similar games:} 16... Qf6 17. Bxd5 exd5 {½-½ (48) Meyer,S (2119)-Will,D (2144) Germany 2016}) 17. Qf3 Qd6 18. Bxd5 $1 Qxd5 19. Qxd5 exd5 20. Bf4 Rb7 $1 21. Re2 h5 22. a5 Rc8 23. axb6 Rxb6 24. Ra5 Bf6 25. Kg2 Kg7 26. Be3 d4 27. cxd4 cxd4 28. Bf4 Rcc6 29. h4 Rb3 30. Rd2 Rcb6 31. Kf3 R3b5 32. Ra2 Rc6 33. Re2 Rb3 34. Rd2 Kf8 35. Ke4 Ke7 36. Ra5 Re6+ 37. Kf3 Kd7 38. Bg5 Bxg5 39. Rxg5 $11 {[%mdl 4096] Endgame KRR-KRR} f5 40. Kf4 Ke7 41. f3 Kf7 42. g4 fxg4 43. fxg4 hxg4 44. Rxg4 Re3 45. Rg3 Rxg3 (45... Re1 {NOTEXT} 46. Rg5 Rb6 47. Rd5 Rf6+ 48. Kg3 Re3+) 46. Kxg3 {KR-KR} Ke6 47. Kf4 Rb5 48. Ke4 Rh5 49. Rh2 g5 {[%cal Bg6g5,Bg5h4][%mdl 32]} 50. Kxd4 $2 {[%mdl 8192] [#]} (50. Rc2 $11) 50... Rxh4+ {Black mates.} 51. Rxh4 gxh4 {KPP-KPP} 52. Ke4 h3 53. Kf3 Kd5 54. Kg3 Kd4 55. Kxh3 Kxd3 56. Kg3 Kc2 57. b4 Kb3 58. Kf3 Kxb4 59. Ke3 Kc3 {Precision: White = 59%, Black = 70%.} 0-1

[Event "5th Nebesna Sotnya Blitz 2018"]
[Site "Lutsk"]
[Date "2018.02.16"]
[Round "15"]
[White "Bordovsky, Vladimir"]
[Black "Khaetsky, Roman"]
[Result "0-1"]
[WhiteElo "2326"]
[BlackElo "2381"]
[Annotator "TA"]
[PlyCount "106"]
[EventDate "2018.??.??"]
[EventType "swiss"]
[EventCountry "UKR"]
[SourceTitle "playchess.com"]
[Source "ChessBase"]
[SourceQuality "1"]

{[%evp 18,106,60,75,161,154,158,58,172,175,176,176,213,29,69,58,66,66,58,78,75,79,71,76,91,66,127,136,146,110,119,29,28,27,29,42,44,-13,0,-73,-76,-82,-75,-60,-65,-75,-16,-15,-16,-32,-32,-25,0,-8,0,-6,0,-18,-18,-22,-16,-21,-20,-154,0,-27,0,-155,0,-25,0,-156,0,-25,0,-166,0,-58,-36,-164,-69,-479,-303,-469,-466,-593,-582,-556,-550,-542,-542]} 1. Nf3 f5 2. d4 Nf6 3. g3 g6 4. Bg2 Bg7 5. O-O O-O 6. Nbd2 Nc6 7. c3 d6 8. Qb3+ e6 {A81: Dutch Defence: 2 g3} (8... Kh8 9. Ng5 Qe8 10. Ne6 Bxe6 11. Qxe6 Nd8 12. Qb3 e5 13. dxe5 dxe5 14. Nc4 Rb8 15. Bg5 Ne6 16. Bxf6 Bxf6 {0-1 (56) Ivkov,B (2420)-Nikolic,P (2638) Valjevo 2012}) 9. Re1 Kh8 10. e4 {LiveBook: 4 Games} e5 (10... d5 $16 {was worth a try.}) 11. exf5 $146 ({Predecessor:} 11. dxe5 Nxe4 12. Nxe4 fxe4 13. Rxe4 Rxf3 14. Bxf3 Nxe5 15. Bg2 Rb8 {1-0 (55) Kiproski,B (2058)-Cica,D (2057) Vrnjacka Banja 2013}) 11... gxf5 12. Ng5 (12. dxe5 $16 Nxe5 13. Nxe5 dxe5 14. Rxe5) 12... e4 ({Black should try} 12... Qe8 $14) 13. Nf7+ Rxf7 14. Qxf7 d5 15. f3 $2 ({White must play} 15. Nb3 $18) 15... Qd6 {White must now prevent ...Be6.} 16. fxe4 fxe4 17. Nxe4 dxe4 18. Bf4 $36 {[%mdl 2048] White is really pushing.} Be6 19. Qxc7 Qxc7 20. Bxc7 Bf5 21. Be5 Re8 (21... Nxe5 $14 22. dxe5 Nd7) 22. Bxf6 $1 $16 Bxf6 23. Rf1 Nxd4 24. cxd4 (24. Rae1 $16) 24... Bxd4+ $11 25. Kh1 Bg6 26. Rad1 Bxb2 27. Rde1 (27. Rd7 $14) 27... e3 28. Rf3 (28. Bxb7 $11 Bc3 29. Re2) 28... Bd4 $1 $17 29. Rf4 Bc3 30. Re2 Bd3 31. Bf3 $1 Bxe2 (31... b5 $17) 32. Bxe2 {[%mdl 4096] Endgame KRB-KRB} Rd8 {aiming for ...Rd2.} 33. Kg2 Rd2 34. Kf3 Bd4 35. Rf7 Rxa2 36. Rxb7 Bb6 37. Rd7 Rd2 38. Re7 Rd6 39. Ke4 Kg8 40. Bc4+ (40. h4 $11 {keeps the balance.}) 40... Kh8 ({Black should play} 40... Kf8 $1 $17 {[%cal Rf8e7]} 41. Rf7+ Ke8) 41. Be2 $11 Kg8 (41... Rf6 $11) 42. Bc4+ $17 Kh8 (42... Kf8 $1 $17 {[%cal Rf8e7]} 43. Rf7+ Ke8) 43. Be2 $11 Kg8 (43... Rg6 $11) 44. Bc4+ $17 Kh8 (44... Kf8 $1 $17 {[%cal Rf8e7]} 45. Rf7+ Ke8) 45. Be2 $11 Kg8 (45... Rf6 $11) 46. Bc4+ $19 {[#]} Kh8 $2 (46... Kf8 $1 $19 {[%cal Rf8e7]} 47. Rf7+ Ke8) 47. Ke5 ({Better is} 47. Be2 $11) 47... Rd4 48. Re8+ Kg7 49. Rg8+ $2 (49. Rc8 $1 $15) 49... Kh6 50. Ba6 {[#]} (50. Rc8 {was forced.} Rd2 51. Re8) 50... Ra4 $1 {[%cal Ra4a6] Black is clearly winning.} ({Less strong is} 50... Rd2 51. Kf4 $17) 51. Be2 Ra2 52. Bc4 {[#]} e2 $1 {[%mdl 512]} 53. Bxe2 Rxe2+ {Precision: White = 37%, Black = 40%.} 0-1

[Event "5th Nebesna Sotnya Blitz 2018"]
[Site "Lutsk"]
[Date "2018.02.16"]
[Round "15"]
[White "Peng, Li Min"]
[Black "Bortnyk, Mykola"]
[Result "1/2-1/2"]
[WhiteElo "2320"]
[BlackElo "2432"]
[Annotator "TA"]
[PlyCount "65"]
[EventDate "2018.??.??"]
[EventType "swiss"]
[EventCountry "UKR"]
[SourceTitle "playchess.com"]
[Source "ChessBase"]
[SourceQuality "1"]

{[%evp 20,65,-27,-29,-15,-45,-16,-22,-2,-39,-14,-33,0,-25,0,-56,0,-50,11,12,20,20,26,29,25,16,22,5,8,0,0,0,0,0,7,8,15,0,1,4,18,5,14,8,25,27,27,6]} 1. e4 Nf6 2. d3 e5 3. Nf3 Nc6 4. Be2 d5 5. Nbd2 Bc5 6. O-O O-O 7. c3 a5 8. a4 Re8 {C44: Ponziani Opening and Scotch Gambit} 9. Qc2 h6 10. h3 b6 11. Re1 {LiveBook: 3 Games} Ba6 $146 ({Predecessor:} 11... Bb7 12. Nf1 Bd6 13. Ng3 Ne7 14. Nh4 c5 15. Bg4 c4 16. dxc4 Nxe4 17. Rxe4 dxe4 18. Bxh6 {1-0 (32) Jobava,B (2710)-Bok,B (2560) Wijk aan Zee 2014}) 12. Nf1 Bf8 13. Ng3 g6 14. Bf1 Bg7 15. Bd2 Qd6 16. Rad1 Rad8 17. Bc1 (17. Qc1 $11) 17... Qf8 (17... d4 $15) 18. b3 dxe4 ({Black should try} 18... Bb7 $15) 19. dxe4 $11 Bxf1 (19... Bb7 {with more complications.} 20. Be3 Rxd1 21. Rxd1 Rd8 22. Rxd8 Qxd8 23. Bc4 Qe7) 20. Nxf1 Rxd1 21. Rxd1 Rd8 22. Rxd8 Qxd8 23. Ba3 Bf8 24. Bxf8 Kxf8 25. N3d2 Kg7 26. Ne3 Qd6 27. Ndc4 Qd7 28. Qd2 (28. f3 {looks sharper.} Nh5 29. Kf2 Nf4 30. h4 f6 31. Nb2) 28... Qxd2 29. Nxd2 Kf8 30. Kf1 Ke8 31. Ke2 Kd7 32. Kd3 Ke6 33. g3 {Precision: White = 34%, Black =  8%.} 1/2-1/2

[Event "5th Nebesna Sotnya Blitz 2018"]
[Site "Lutsk"]
[Date "2018.02.16"]
[Round "15"]
[White "Ianov, Viktor"]
[Black "Serdyuk, Vitaliy"]
[Result "1-0"]
[WhiteElo "2292"]
[BlackElo "2148"]
[Annotator "TA"]
[PlyCount "119"]
[EventDate "2018.??.??"]
[EventType "swiss"]
[EventCountry "UKR"]
[SourceTitle "playchess.com"]
[Source "ChessBase"]
[SourceQuality "1"]

{[%evp 13,118,-3,0,-8,-14,-24,-25,-68,-62,-69,-65,-71,-70,-62,-68,-68,-54,-97,39,47,28,0,5,0,7,7,7,0,27,31,36,25,37,15,85,47,85,87,107,17,11,19,25,14,102,27,28,0,0,0,0,0,47,32,32,32,26,14,16,37,28,0,55,24,17,9,12833,12837,12837,12835,12835,12835,12836,12835,12840,6129,2545,1529,12837,12838,12837,12839,12839,12837,12844,12833,12844,12844,12845,12845,12845,12844,12845,12845,12845,12845,12847,12847,12848,12842,12847,12846,12848,12847,12848,12848,29999]} 1. Nf3 g6 2. g3 Bg7 3. Bg2 e5 4. d3 Ne7 5. O-O O-O 6. c4 {A04: Unusual lines after 1 Nf3 and King's Indian Attack} (6. e4 d6 7. c3 a5 8. a4 Na6 9. Re1 Bg4 10. h3 Bd7 11. d4 exd4 12. cxd4 Nb4 13. Nc3 d5 14. e5 Bf5 {½-½ (86) Vajda,L (2588)-Yu,Y (2743) Antalya 2017}) 6... d5 7. cxd5 Nxd5 {LiveBook: 16 Games} 8. Nbd2 {The position is equal.} c5 9. Nc4 Nc6 10. a4 $146 ({Predecessor:} 10. Ng5 h6 11. Ne4 b6 12. Qa4 Nd4 13. e3 Ne2+ 14. Kh1 Nxc1 15. Raxc1 {0-1 (75) Leon Hoyos,M (2303)-Predescu,S (2196) Merida 2003}) 10... h6 11. Bd2 Be6 12. a5 Qd7 13. Re1 Rac8 14. Qa4 Rfd8 15. Qb5 Nd4 (15... f5 $17) 16. Qxd7 $14 Nxf3+ 17. Bxf3 (17. exf3 {feels hotter.} Rxd7 18. Nxe5 Bxe5 19. Rxe5 Nb4 20. Bxh6 Nxd3 21. Re2) 17... Rxd7 18. Rac1 f6 19. h4 h5 20. Be4 Kf7 21. b4 Bf8 22. b5 Be7 23. Rc2 Rdd8 (23... Re8 $11) 24. Rec1 Rb8 25. b6 axb6 {[#]} 26. Nxb6 (26. Bxd5 $1 $16 Bxd5 27. Nxb6) 26... Nxb6 $11 27. axb6 c4 28. dxc4 Bxc4 (28... Bc5 $11 {keeps the balance.}) 29. Be3 (29. Rxc4 $16 Rxd2 30. Rc7) 29... Bd5 30. Bxd5+ Rxd5 31. Rc7 {[#] And now Bc5 would win.} Ke6 32. f3 Rd7 33. Rxd7 Kxd7 $14 {[%mdl 4096] Endgame KRB-KRB} 34. Rc7+ Ke6 35. Bf2 g5 36. hxg5 fxg5 37. e4 h4 ({Black should play} 37... Bd6 $11 38. Rh7 Ra8) 38. gxh4 gxh4 39. Kh2 Kd6 $2 {[%mdl 8192]} (39... Bg5 $11) 40. Bc5+ $18 Ke6 41. Rxe7+ {KRB-KR} Kf6 42. Rc7 Ke6 43. Bf2 Rf8 44. Kg2 h3+ 45. Kxh3 Rxf3+ 46. Bg3 Re3 47. Rxb7 Rxe4 48. Rc7 Kd6 49. Rh7 Kc6 50. Rh6+ Kb7 51. Bf2 Rf4 52. Kg2 Rg4+ 53. Kf3 Rf4+ 54. Ke2 Re4+ 55. Be3 Rb4 56. Rh7+ Kc8 57. Rc7+ Kb8 58. Re7 e4 59. Bf4+ Ka8 60. Ra7# {Precision: White = 39%, Black = 38%.} 1-0